Spanische Vokabeln: Nahrungsmittel - Statistiken

Allgemein
  • Dieses Quiz wurde 387 mal gespielt
  • Das Durchschnittsergebnis liegt bei 16 aus 40
Antwortstatistiken
Deutsch Spanisch % Korrekt
der Wein el vino
86%
die Orange la naranja
82%
das Wasser el agua
76%
das Brot el pan
74%
der Kaffee el café
73%
der Käse el queso
68%
die Zitrone el limon
63%
die Flasche la bottella
63%
die Pasta la pasta
63%
das Fleisch la carne
61%
der Fisch el pescado
56%
die Milch la leche
55%
das Ei el huevo
52%
der Saft (Latainamerikanisch) el zumo
52%
das Obst la fruta
50%
der Apfel la manzana
50%
die Schokolade el chocolate
47%
der Schinken el jamón
43%
die Zwiebel la cebolla
42%
der Saft el jugo
40%
die Kartoffel la patata
39%
das Gemüse la verdura
38%
das Hünchen el pollo
36%
die Banane el plátano
28%
der Salat la ensalada
26%
die Torte la torta
26%
der Paprika el pimiento
24%
der Yogurt el yogur
24%
die Kartoffel (Lateinamerikanisch) la papa
24%
die Butter la mantequilla
23%
der Lachs el salmón
18%
Die Birne la pera
17%
die Süßigkeiten los dulces
17%
die Karotte la zanahoria
14%
die Paprikawurst el chorizo
13%
der Kopfsalat la lechuga
12%
der Spargel el espárrago
9%
die Wurst la salchicha
9%
der Sekt el cava
4%
die Limone el limon verde
3%
Keine übereinstimmenden Quizze gefunden
Verteilung der Resultate
Anzahl Personen mit jedem Resultat
Perzentil nach korrekt beantworteten Fragen
Ihre Resultats-Entwicklung
Sie haben dieses Quiz noch nicht gespielt